• 首页
  • 本馆介绍
  • 公告通知
  • 最新文献
  • 馆藏检索
  • 电子资源
  • 读者导购
  • 参考咨询
  • 我的图书馆
  • 登录
  • 详细信息显示
  • 放入我的书架
  • 预约/预借图书
  • 作者相关作品
  • 分类相关作品
  • 丛书相关作品
  • 出版社相关作品

书目信息

  • 表格格式
  • 工作单格式
  • 卡片格式
题名:
传统武术文化继承与武术课程改革创新
    
 
作者: 刘志兰 著
分册:  
出版信息: 北京   中国水利水电出版社  2020.06
页数: 256页
开本: 24cm
丛书名:
单 册:
中图分类: G852.02
科图分类:
主题词: 武术--wu shu--传统文化--课程改革--研究--高等学校
电子资源:
ISBN: 978-7-5170-8410-5
000 01172nam0 2200241 450
001 0109110107
005 20201109110334.0
010    @a978-7-5170-8410-5@dCNY82.00
100    @a20200713d2020 em y0chiy50 ea
101 0  @achi
102    @aCN@b110000
105    @aak az 000yy
106    @ar
200 1  @a传统武术文化继承与武术课程改革创新@Achuan tong wu shu wen hua ji cheng yu wu shu ke cheng gai ge chuang xin@f刘志兰著
210    @a北京@c中国水利水电出版社@d2020.06
215    @a256页@d24cm
320    @a有书目(第254-256页)
330    @a本书以传统武术为研究对象,侧重于武术文化传承与课程改革研究,全书在全面阐述武术基本理论知识和解析当前高校武术教学现状的基础上,对武术的多元教育价值进行了深入探讨,指出了传统武术文化内涵与新时代武术文化的使命,重点对高校武术教育文化传承体系及其构建进行了研究,并指出了当前高校利用地域优秀传统武术文化丰富武术课程资源的重要意义和措施,针对武术基本技法、丰富的武术运动项目的教学进行了全面解析,对武术课程教学改革进行了总结与思考。
606 0  @a武术@Awu shu@x传统文化@x课程改革@x研究@x高等学校
690    @aG852.02@v5
701  0 @a刘志兰@Aliu zhi lan@4著
801  0 @aCN@bBJSZM@c20201103
905    @b1266701-5@dG852.02@e496@f5
    
    传统武术文化继承与武术课程改革创新/刘志兰著.-北京:中国水利水电出版社,2020.06
    256页;24cm
    
    
    ISBN 978-7-5170-8410-5:CNY82.00
    本书以传统武术为研究对象,侧重于武术文化传承与课程改革研究,全书在全面阐述武术基本理论知识和解析当前高校武术教学现状的基础上,对武术的多元教育价值进行了深入探讨,指出了传统武术文化内涵与新时代武术文化的使命,重点对高校武术教育文化传承体系及其构建进行了研究,并指出了当前高校利用地域优秀传统武术文化丰富武术课程资源的重要意义和措施,针对武术基本技法、丰富的武术运动项目的教学进行了全面解析,对武术课程教学改革进行了总结与思考。
●
相关链接 在E读中查询图书 在五车中查询图书 在当当中查询图书 在豆瓣中查询图书


正题名:传统武术文化继承与武术课程改革创新     索取号:G852.02/496         预约/预借

序号 登录号 条形码 馆藏地/架位号 状态 备注
1 1266701   212667014   教育系资料室/ [索取号:G852.02/496] 在馆    
2 1266702   212667023   教育系资料室/ [索取号:G852.02/496] 在馆    
3 1266703   212667032   教育系资料室/ [索取号:G852.02/496] 在馆    
4 1266704   212667041   第四借阅区/ [索取号:G852.02/496] 在馆    
5 1266705   212667050   第四借阅区/ [索取号:G852.02/496] 在馆    
6 1289727   212897276   第一样本阅览室/ [索取号:G852.02/496] 在馆    
7 1289728   212897285   第四借阅区/ [索取号:G852.02/496] 在馆    
8 1289729   212897294   第四借阅区/ [索取号:G852.02/496] 在馆    
9 1289730   212897301   第四借阅区/ [索取号:G852.02/496] 在馆    
唐山师范学院图书馆 欢迎您!
大连网信软件有限公司© 版权所有